000 00475nam a22001577a 4500
005 20240215064555.0
008 240213b |||||||| |||| 00| 0 eng d
041 _aEnglish / Afrikaans
082 _a349 TYD
100 _lEnglish / Afrikaans
245 _aTydskrif vir Hedendaagse Romeins-Hollandse Reg
260 _aDurban :
_bButterworth,
_c1999
300 _b167 pages ;
_c25 cm.
650 _aLegal practice
_bLaw
942 _cBK
_6ALISON_BN_VRIES
999 _c1351
_d1351